Statistiche per Città che Hanno Ospitato le Olimpiadi Invernali

Clicka qui per fare il quiz!

Statistiche generali

  • Questo quiz è stato fatto 59 volte
  • Il punteggio medio è 16 su 26

Statistiche sulle risposte

AnnoPaeseCittà% Corretto
2006ItaliaTorino
97%
2014RussiaSoči
83%
1956ItaliaCortina d'Ampezzo
80%
1944*ItaliaCortina d'Ampezzo
80%
1952NorvegiaOslo
80%
2010CanadaVancouver
80%
2022CinaPechino
77%
1964AustriaInnsbruck
73%
1976AustriaInnsbruck
73%
1984JugoslaviaSarajevo
67%
2002Stati UnitiSalt Lake City
63%
1928SvizzeraSankt Moritz
60%
1948SvizzeraSankt Moritz
60%
1988CanadaCalgary
57%
1924FranciaChamonix-Mont-Blanc
57%
1994NorvegiaLillehammer
57%
1940*GiapponeSapporo
53%
1972GiapponeSapporo
53%
1992FranciaAlbertville
50%
1968FranciaGrenoble
50%
1936GermaniaGarmisch-Partenkirchen
47%
1998GiapponeNagano
47%
2018Corea del SudPyeongchang
47%
1980Stati UnitiLake Placid
43%
1932Stati UnitiLake Placid
43%
1960Stati UnitiSquaw Valley
33%

Distribuzione punteggi

Percentile per numero di risposta

Percentuale di utenti per punteggio

I tuoi punteggi nel tempo

Non hai fatto questo quiz